00419nam a2200157Ia 4500008004100000020005500041041000800096082001200104100002700116245004300143260002900186300001000215650001400225942000700239999001500246180314s9999 xx 000 0 und d a8131522695 (paperback) | 9788131522691 (paperback) aeng a543 FUN aHoller, Crouch, Skoog. 0aFundamentals of analytical chemistry / aCengage,b[S.l.] :c2013 a1050p achemistry cBK c4312d4312